000 00589nam a2200241 a 4500
001 nice12345678
003 IN_TiNIC
005 20260116011554.0
008 050524s1923 lona grp 000 0 eng
020 _a
_c100
082 0 0 _a297.63
_bMUI4
100 _aMuir, William
245 _aLife of Mohammad
_b from Original Sources
260 _aLondon
_bSmith Elder and Co.
_c1923
300 _a613p
500 _aincludes index and biblioraphy
505 2 _aIndices
650 _aMuhammad, Prophet
700 1 _aMuir, William
902 _bSRS
942 _cBK
999 _c2686
_d2686